Hong Kong Property Market Monitor (Record no. 83849)

MARC details
000 -LEADER
fixed length control field 00944cab a22002055a 4500
001 - CONTROL NUMBER
control field L155317
008 - FIXED-LENGTH DATA ELEMENTS--GENERAL INFORMATION
fixed length control field 120316s2012 xxk 000 0 eng d
035 ## - SYSTEM CONTROL NUMBER
System control number (Sirsi) u155317
041 0# - LANGUAGE CODE
Language code of text/sound track or separate title eng
110 2# - MAIN ENTRY--CORPORATE NAME
Corporate name or jurisdiction name as entry element Jones Lang LaSalle
9 (RLIN) 3755
245 00 - TITLE STATEMENT
Title Hong Kong Property Market Monitor
Remainder of title March 2012
Medium [electronic resource]
260 ## - PUBLICATION, DISTRIBUTION, ETC.
Place of publication, distribution, etc. [S.I.]bJLL
Date of publication, distribution, etc. 2012
490 #0 - SERIES STATEMENT
Series statement Jones Lang LaSalle Hong Kong Property Market Monitor
Volume/sequential designation March 2012
520 ## - SUMMARY, ETC.
Summary, etc. Highlights key developments or trends in the real estate market during the past month with a focus on the grade A office, residential, retail and industrial property markets. Table provides a list of key economic indicators, and property transaction volumes.
590 ## - LOCAL NOTE (RLIN)
Local note NTK KA
651 #4 - SUBJECT ADDED ENTRY--GEOGRAPHIC NAME
Geographic name Hong Kong
690 ## - LOCAL SUBJECT ADDED ENTRY--TOPICAL TERM (OCLC, RLIN)
Topical term or geographic name as entry element Commercial property
9 (RLIN) 6227
856 40 - ELECTRONIC LOCATION AND ACCESS
Uniform Resource Identifier <a href="https://www.joneslanglasalle.com.hk/HongKong/EN-GB/Pages/ResearchFilter.aspx">https://www.joneslanglasalle.com.hk/HongKong/EN-GB/Pages/ResearchFilter.aspx</a>
Public note View the report at www.joneslanglasalle.com
942 ## - ADDED ENTRY ELEMENTS (KOHA)
Suppress in OPAC 0
Holdings
Withdrawn status Lost status Source of classification or shelving scheme Damaged status Not for loan Home library Current library Shelving location Date acquired Total Checkouts Full call number Barcode Date last seen Copy number Price effective from Koha item type
    Dewey Decimal Classification     Virtual Virtual Online 16/03/2012   ONLINE PUBLICATION 155317-2001 06/08/2019 1 06/08/2019 Book